[Event "BL 2018-19"]
[Site "Berlin"]
[Date "2019.04.07"]
[Round "15.6"]
[White "Lobzhanidze, Davit"]
[Black "Gerigk, Erasmus"]
[Result "1/2-1/2"]
[WhiteElo "2428"]
[BlackElo "2355"]
[Annotator "NA"]
[PlyCount "145"]
[EventDate "2018.11.10"]
[EventType "team-tourn"]
[EventCountry "GER"]
[SourceTitle "playchess.com"]
[Source "ChessBase"]
[SourceQuality "1"]
[WhiteTeam "SV Hofheim"]
[BlackTeam "Zugzwang Muenchen"]
[TimeControl "40/6000+30:3000+30"]

1. e4 {[%emt 0:00:58]} c5 {[%emt 0:00:00]} 2. Nf3 {[%emt 0:06:03]} Nc6 {[%emt 0:00:00]} 3. Nc3 {[%emt 0:00:19]} e5 {[%emt 0:00:08]} 4. Bc4 {[%emt 0:01:04]} Be7 {[%emt 0:00:45]} 5. d3 {[%emt 0:00:13]} d6 {[%emt 0:00:08]} 6. Nd2 {[%emt 0:02:38]} Bg5 {[%emt 0:00:49] B30: Sicilian: 2...Nc6 3 Bb5, lines without ...g6} (6... Nf6 7. Nf1 Bg4 8. f3 Be6 9. Ne3 O-O 10. O-O Nh5 11. g3 Bg5 12. Ncd5 Bxe3+ 13. Bxe3 Ne7 14. Bg5 Bxd5 15. Bxd5 h6 16. Bxe7 Qxe7 17. f4 Nf6 18. Bb3 {½-½ (57) Bacrot,E (2725)-Yu,Y (2751) Riadh 2017}) 7. h4 {[%emt 0:12:11]} Bxd2+ {[%emt 0:02:14]} 8. Bxd2 {[%emt 0:00:14]} Nf6 {[%emt 0:00:35]} 9. Bg5 {[%emt 0:04:08]} h6 {[%emt 0:02:38]} 10. Bxf6 {[%emt 0:05:26]} Qxf6 {[%emt 0:00:15]} 11. Nd5 {[%emt 0:00:08]} Qd8 {[%emt 0:00:32]} 12. Ne3 {[%emt 0:12:44]} Be6 {[%emt 0:09:36]} 13. Bxe6 {[%emt 0:16:41]} fxe6 {[%emt 0:00:24]} 14. Qh5+ {[%emt 0:00:23]} Kd7 $146 {[%emt 0:02:45]} 15. Qf7+ {[%emt 0:07:26]} Qe7 {[%emt 0:00:54]} 16. Qxe7+ {[%emt 0:00:17]} Kxe7 {[%emt 0:01:56]} 17. h5 {[%emt 0:00:33]} Rhf8 {[%emt 0:04:33]} 18. Rh3 {[%emt 0:04:47]} Rf4 {[%emt 0:04:13]} 19. f3 {[%emt 0:06:30]} Rf7 {[%emt 0:12:17]} 20. a4 {[%emt 0:02:49]} Rd8 {[%emt 0:11:28]} 21. O-O-O {[%emt 0:02:30]} Kf8 {[%emt 0:07:34]} 22. Re1 {[%emt 0:03:40]} Rdd7 {[%emt 0:05:32]} 23. Ng4 {[%emt 0:02:02]} Rd8 {[%emt 0:06:56]} 24. Rhh1 {[%emt 0:01:12]} Ke7 {[%emt 0:01:10]} 25. c3 {[%emt 0:01:08]} Rc8 {[%emt 0:01:26]} 26. Kc2 {[%emt 0:00:34]} Rd8 {[%emt 0:02:06]} 27. Rh3 {[%emt 0:01:05]} Rc8 {[%emt 0:03:58]} 28. Rhh1 {[%emt 0:02:59]} Rd8 {[%emt 0:00:22]} 29. Rhf1 {[%emt 0:00:46]} Rdf8 {[%emt 0:05:23]} 30. Rf2 {[%emt 0:03:51]} Nb8 {[%emt 0:01:18]} 31. Rd2 {[%emt 0:02:03]} Rc8 {[%emt 0:02:07]} 32. Ne3 {[%emt 0:00:25]} Rf4 {[%emt 0:01:22]} 33. Rh1 {[%emt 0:00:29]} Rf7 {[%emt 0:01:24]} 34. Kb1 {[%emt 0:01:22]} Nc6 {[%emt 0:00:37]} 35. Re1 {[%emt 0:00:38]} Rf4 {[%emt 0:00:55]} 36. Ng4 {[%emt 0:01:05]} Rcf8 {[%emt 0:01:20]} 37. Kc2 {[%emt 0:00:43]} Kd7 {[%emt 0:01:38]} 38. Kb1 {[%emt 0:02:23]} Ke7 {[%emt 0:00:18]} 39. Rde2 {[%emt 0:02:47]} Kd7 {[%emt 0:00:57]} 40. Rd1 {[%emt 0:01:09]} Ke7 {[%emt 0:00:31]} 41. Kc2 {[%emt 0:11:16]} Kd7 {[%emt 0:01:11]} 42. Rh1 {[%emt 0:02:07]} Ke7 {[%emt 0:04:30]} 43. Ne3 {[%emt 0:05:54]} R4f7 {[%emt 0:03:31]} 44. Rf2 {[%emt 0:02:39]} Nb8 {[%emt 0:02:32]} 45. Kd2 {[%emt 0:03:46]} Nd7 {[%emt 0:07:00]} 46. Ke2 {[%emt 0:01:34]} Rb8 {[%emt 0:07:10]} 47. Ra1 {[%emt 0:01:44]} Nf6 {[%emt 0:00:53]} 48. Rh1 {[%emt 0:00:35]} b5 {[%emt 0:03:41]} 49. axb5 {[%emt 0:01:08]} Rxb5 {[%emt 0:00:05]} 50. Kd1 {[%emt 0:02:27]} Rf8 {[%emt 0:03:36]} 51. Kc1 {[%emt 0:03:12]} Rfb8 {[%emt 0:11:35]} 52. g3 {[%emt 0:01:31]} d5 {[%emt 0:03:34]} 53. exd5 {[%emt 0:04:34]} Nxd5 {[%emt 0:02:06]} 54. Nd1 {[%emt 0:02:55]} Nb6 {[%emt 0:01:35]} (54... Ra5 $14) 55. Rh4 {[%emt 0:01:16]} Ra5 {[%emt 0:00:31]} 56. Re4 {[%emt 0:01:32]} Ra1+ {[%emt 0:00:49]} 57. Kc2 $1 {[%emt 0:00:39]} Nd7 {[%emt 0:02:50]} 58. Ne3 {[%emt 0:02:17]} Rh1 {[%emt 0:01:27]} 59. g4 {[%emt 0:02:19]} Rf8 {[%emt 0:00:40]} 60. Kd2 {[%emt 0:03:33]} ({Better is} 60. Nc4 $16) 60... Rf4 $1 {[%emt 0:01:34]} 61. Ng2 {[%emt 0:01:40]} Rxe4 $11 {[%emt 0:01:04]} 62. dxe4 {[%emt 0:00:39]} c4 {[%emt 0:04:40]} 63. Ne3 {[%emt 0:00:30]} Nb6 {[%emt 0:00:12]} 64. Kc2 {[%emt 0:00:56]} Re1 {[%emt 0:00:42]} 65. Kd2 {[%emt 0:00:31]} Rh1 {[%emt 0:00:16]} 66. Kc2 {[%emt 0:00:33]} Re1 {[%emt 0:00:12]} 67. Nd1 {[%emt 0:00:27]} a5 {[%emt 0:02:40]} 68. Kd2 {[%emt 0:00:03]} Rg1 {[%emt 0:00:40]} 69. Ke2 {[%emt 0:00:25]} Na4 {[%emt 0:02:15]} 70. Rf1 {[%emt 0:01:06]} Rg2+ {[%emt 0:00:12]} 71. Rf2 {[%emt 0:00:08]} Rg1 {[%emt 0:00:04]} 72. Rf1 {[%emt 0:01:01]} Rg2+ {[%emt 0:00:08]} 73. Rf2 {[%emt 0:00:52]} 1/2-1/2

[Event "BL 2018-19"]
[Site "Berlin"]
[Date "2019.04.07"]
[Round "15.7"]
[White "Smeets, Jan"]
[Black "Heimann, Andreas"]
[Result "1/2-1/2"]
[WhiteElo "2602"]
[BlackElo "2601"]
[Annotator "RC"]
[PlyCount "117"]
[EventDate "2018.11.10"]
[EventType "team-tourn"]
[EventCountry "GER"]
[SourceTitle "playchess.com"]
[Source "ChessBase"]
[SourceQuality "1"]
[WhiteTeam "Solingen"]
[BlackTeam "SF Deizisau"]
[TimeControl "40/6000+30:3000+30"]

1. e4 {[%emt 0:00:00]} e5 {[%emt 0:00:00]} 2. Nf3 {[%emt 0:00:00]} Nc6 {[%emt 0:00:00]} 3. Bb5 {[%emt 0:00:00]} Nf6 {[%emt 0:00:00]} 4. O-O {[%emt 0:00:11]} Nxe4 {[%emt 0:00:00]} 5. d4 {[%emt 0:00:11]} Nd6 {[%emt 0:00:00]} 6. Bxc6 {[%emt 0:00:06]} dxc6 {[%emt 0:00:03]} 7. dxe5 {[%emt 0:00:07]} Nf5 {[%emt 0:00:04]} 8. Qxd8+ {[%emt 0:00:05]} Kxd8 {[%emt 0:00:05]} 9. h3 {[%emt 0:00:15]} Be7 {[%emt 0:00:06]} 10. Rd1+ {[%emt 0:18:52]} Ke8 {[%emt 0:00:21]} 11. g4 {[%emt 0:00:10]} Nh4 {[%emt 0:00:07]} 12. Nxh4 {[%emt 0:00:06]} Bxh4 {[%emt 0:00:06]} 13. Bf4 {[%emt 0:19:49]} h5 {[%emt 0:15:46]} 14. f3 {[%emt 0:03:25]} Be6 {[%emt 0:05:12]} 15. Nc3 {[%emt 0:08:59]} Be7 {[%emt 0:06:02]} 16. Kg2 {[%emt 0:15:26]} Rd8 {[%emt 0:12:24]} 17. a3 {[%emt 0:12:39]} a5 {[%emt 0:04:19]} 18. Bg3 {[%emt 0:23:07]} c5 {[%emt 0:14:23]} 19. Rxd8+ {[%emt 0:03:38]} Kxd8 {[%emt 0:00:14]} 20. Nd5 {[%emt 0:00:57]} hxg4 {[%emt 0:06:36]} 21. hxg4 {[%emt 0:00:06]} Bxd5 {[%emt 0:03:59]} 22. Rd1 {[%emt 0:00:04]} c6 {[%emt 0:03:18]} 23. c4 {[%emt 0:00:03]} Kd7 {[%emt 0:00:45]} 24. cxd5 {[%emt 0:00:06]} cxd5 {[%emt 0:00:06]} 25. Rxd5+ {[%emt 0:00:02]} Ke6 {[%emt 0:02:04]} 26. Rd3 {[%emt 0:00:27]} c4 {[%emt 0:01:01]} 27. Rd4 {[%emt 0:00:08]} Rd8 {[%emt 0:00:07]} 28. Rxc4 {[%emt 0:03:26]} Rd2+ {[%emt 0:00:07]} 29. Kh3 {[%emt 0:00:16]} Rxb2 {[%emt 0:00:08]} 30. f4 {[%emt 0:00:07]} g6 {[%emt 0:04:55]} 31. a4 {[%emt 0:00:37]} Rb4 {[%emt 0:02:47]} 32. Rc7 {[%emt 0:02:01]} Bd8 {[%emt 0:00:20]} 33. f5+ {[%emt 0:00:29]} gxf5 {[%emt 0:00:08]} 34. gxf5+ {[%emt 0:00:01]} Kxf5 {[%emt 0:00:11]} 35. Rxf7+ {[%emt 0:00:03]} Ke6 {[%emt 0:00:09]} 36. Rf8 {[%emt 0:01:17]} Be7 {[%emt 0:03:00]} 37. Rb8 {[%emt 0:00:27]} Rxa4 {[%emt 0:10:24]} 38. Rxb7 {[%emt 0:00:06]} Re4 {[%emt 0:00:09]} 39. Kg2 {[%emt 0:00:37]} a4 {[%emt 0:00:18]} 40. Kf3 {[%emt 0:00:55]} Rc4 {[%emt 0:00:29]} 41. Ke2 {[%emt 0:16:26]} a3 {[%emt 0:02:30]} 42. Ra7 {[%emt 0:01:22]} Bb4 {[%emt 0:04:19]} 43. Ra6+ {[%emt 0:17:40]} Kd5 {[%emt 0:01:13]} 44. e6 {[%emt 0:00:10]} Re4+ {[%emt 0:14:14]} 45. Kd3 {[%emt 0:03:35]} Rd4+ {[%emt 0:00:06]} 46. Ke3 {[%emt 0:03:12]} Bc5 {[%emt 0:01:54]} 47. Kf3 {[%emt 0:03:03]} Rd3+ {[%emt 0:23:01]} 48. Kg4 {[%emt 0:00:18]} Kc4 {[%emt 0:00:14]} 49. Bh4 {[%emt 0:07:47]} Rd4+ {[%emt 0:02:22]} 50. Kh5 {[%emt 0:00:17]} Kb3 {[%emt 0:00:08]} 51. Bf6 {[%emt 0:00:24]} Re4 {[%emt 0:00:32]} 52. Kg6 {[%emt 0:00:20]} a2 {[%emt 0:01:47]} 53. Kf7 {[%emt 0:00:12]} Re1 {[%emt 0:01:19]} 54. e7 {[%emt 0:01:06]} Bxe7 {[%emt 0:00:47]} 55. Bxe7 {[%emt 0:00:06]} a1=Q {[%emt 0:00:16]} 56. Rxa1 {[%emt 0:00:03]} Rxa1 {[%emt 0:00:06]} 57. Ke6 {[%emt 0:00:08]} Kc4 {[%emt 0:00:05]} 58. Bf6 {[%emt 0:00:58]} Re1+ {[%emt 0:00:22]} 59. Kd6 {[%emt 0:00:07] Kd5+} 1/2-1/2

[Event "BL 2018-19"]
[Site "Berlin"]
[Date "2019.04.07"]
[Round "15.7"]
[White "Engel, Luis"]
[Black "Seyb, Alexander"]
[Result "1-0"]
[WhiteElo "2459"]
[BlackElo "2416"]
[Annotator "ChessBase"]
[PlyCount "79"]
[EventDate "2018.11.10"]
[EventType "team-tourn"]
[EventCountry "GER"]
[SourceTitle "playchess.com"]
[Source "ChessBase"]
[SourceQuality "1"]
[WhiteTeam "Hamburg SK"]
[BlackTeam "SF Berlin"]
[TimeControl "40/6000+30:3000+30"]

1. e4 {[%emt 0:00:00]} d6 {[%emt 0:00:00]} 2. d4 {[%emt 0:00:00]} Nf6 {[%emt 0:00:00]} 3. Nc3 {[%emt 0:00:00]} g6 {[%emt 0:00:00]} 4. f4 {[%emt 0:00:00]} Bg7 {[%emt 0:00:00]} 5. Bd3 {[%emt 0:00:00]} O-O {[%emt 0:00:02]} 6. Nf3 {[%emt 0:00:00]} Nc6 {[%emt 0:00:07]} 7. Be2 {[%emt 0:00:24]} Bg4 {[%emt 0:00:30]} 8. d5 {[%emt 0:00:30]} Nb4 {[%emt 0:24:06]} 9. Be3 {[%emt 0:10:40]} Nd7 {[%emt 0:10:38]} 10. O-O {[%emt 0:05:28]} e5 {[%emt 0:24:01]} 11. dxe6 {[%emt 0:01:29]} fxe6 {[%emt 0:00:12]} 12. Ng5 {[%emt 0:06:17]} Bxe2 {[%emt 0:00:08]} 13. Qxe2 {[%emt 0:01:22]} Qe7 {[%emt 0:02:48]} 14. a3 {[%emt 0:11:40]} Nc6 {[%emt 0:00:50]} 15. Rae1 {[%emt 0:05:59]} Rae8 {[%emt 0:07:36]} 16. Qd3 {[%emt 0:06:56]} Nb6 {[%emt 0:07:08]} 17. Kh1 {[%emt 0:07:03]} Qd7 {[%emt 0:02:14]} 18. Bxb6 {[%emt 0:06:13]} axb6 {[%emt 0:00:09]} 19. e5 {[%emt 0:00:44]} h6 {[%emt 0:07:17]} 20. Nge4 {[%emt 0:04:32]} d5 {[%emt 0:01:48]} 21. Ng3 {[%emt 0:02:44]} Ne7 {[%emt 0:02:21]} 22. Nb5 {[%emt 0:02:04]} Ra8 {[%emt 0:02:10]} 23. c4 {[%emt 0:03:34]} Rad8 {[%emt 0:02:10]} 24. Rd1 {[%emt 0:03:00]} Qc8 {[%emt 0:01:10]} 25. Nc3 {[%emt 0:05:06]} h5 {[%emt 0:08:38]} 26. Nge2 {[%emt 0:02:33]} c6 {[%emt 0:00:55]} 27. Nd4 {[%emt 0:06:18]} Nf5 {[%emt 0:01:20]} 28. Nxf5 {[%emt 0:00:33]} gxf5 {[%emt 0:00:51]} 29. cxd5 {[%emt 0:01:09]} cxd5 {[%emt 0:00:20]} 30. Nb5 {[%emt 0:02:59]} Qc4 {[%emt 0:00:05]} 31. Nd4 {[%emt 0:01:21]} Kf7 {[%emt 0:01:43]} 32. Qg3 {[%emt 0:03:09]} Rc8 {[%emt 0:01:01]} 33. Nxe6 {[%emt 0:01:29]} Kxe6 {[%emt 0:00:01]} 34. Qxg7 {[%emt 0:01:20]} Qc6 {[%emt 0:01:48]} 35. Rd3 {[%emt 0:01:45]} Rf7 {[%emt 0:00:50]} 36. Qg6+ {[%emt 0:00:35]} Ke7 {[%emt 0:00:01]} 37. Qg5+ {[%emt 0:00:23]} Ke6 {[%emt 0:01:16]} 38. Rc3 {[%emt 0:00:52]} Qd7 {[%emt 0:00:27]} 39. Qg6+ {[%emt 0:00:35]} Ke7 {[%emt 0:00:02]} 40. e6 {[%emt 0:00:16]} 1-0

[Event "BL 2018-19"]
[Site "Berlin"]
[Date "2019.04.07"]
[Round "15.7"]
[White "Hoffmeyer, Falk"]
[Black "Gurevich, Vladimir"]
[Result "1/2-1/2"]
[WhiteElo "2337"]
[BlackElo "2469"]
[Annotator "ChessBase"]
[PlyCount "42"]
[EventDate "2018.11.10"]
[EventType "team-tourn"]
[EventCountry "GER"]
[SourceTitle "playchess.com"]
[Source "ChessBase"]
[SourceQuality "1"]
[WhiteTeam "Zugzwang Muenchen"]
[BlackTeam "SV Hofheim"]
[TimeControl "40/6000+30:3000+30"]

1. d4 {[%emt 0:00:00]} e6 {[%emt 0:00:00]} 2. Nf3 {[%emt 0:00:00]} Nf6 {[%emt 0:00:04]} 3. Bf4 {[%emt 0:00:06]} b6 {[%emt 0:01:10]} 4. e3 {[%emt 0:00:41]} Bb7 {[%emt 0:01:00]} 5. Bd3 {[%emt 0:00:36]} d6 {[%emt 0:04:32]} 6. h3 {[%emt 0:02:17]} g6 {[%emt 0:02:09]} 7. O-O {[%emt 0:01:03]} Bg7 {[%emt 0:00:28]} 8. Nbd2 {[%emt 0:02:12]} O-O {[%emt 0:01:26]} 9. Bh2 {[%emt 0:00:15]} Nc6 {[%emt 0:03:49]} 10. c3 {[%emt 0:05:55]} e5 {[%emt 0:05:24]} 11. dxe5 {[%emt 0:01:35]} dxe5 {[%emt 0:03:42]} 12. Qc2 {[%emt 0:02:19]} Qe7 {[%emt 0:03:01]} 13. Be2 {[%emt 0:06:05]} a5 {[%emt 0:11:02]} 14. a4 {[%emt 0:06:36]} Nd7 {[%emt 0:00:58]} 15. Nc4 {[%emt 0:09:25]} Nc5 {[%emt 0:06:19]} 16. Rfd1 {[%emt 0:03:36]} f6 {[%emt 0:07:50]} 17. Nfd2 {[%emt 0:05:01]} f5 {[%emt 0:05:24]} 18. Bf3 {[%emt 0:04:57]} e4 {[%emt 0:06:01]} 19. Be2 {[%emt 0:00:47]} g5 {[%emt 0:02:31]} 20. Nb3 {[%emt 0:01:33]} Nxb3 {[%emt 0:03:34]} 21. Qxb3 {[%emt 0:00:06]} Kh8 {[%emt 0:00:18]} 1/2-1/2

[Event "BL 2018-19"]
[Site "Berlin"]
[Date "2019.04.07"]
[Round "15.8"]
[White "Kollars, Dmitrij"]
[Black "Nikolic, Predrag"]
[Result "1-0"]
[WhiteElo "2542"]
[BlackElo "2576"]
[Annotator "ChessBase"]
[PlyCount "133"]
[EventDate "2018.11.10"]
[EventType "team-tourn"]
[EventCountry "GER"]
[SourceTitle "playchess.com"]
[Source "ChessBase"]
[SourceQuality "1"]
[WhiteTeam "SF Deizisau"]
[BlackTeam "Solingen"]
[TimeControl "40/6000+30:3000+30"]

1. c4 {[%emt 0:00:00]} e5 {[%emt 0:00:04]} 2. Nc3 {[%emt 0:00:00]} Nf6 {[%emt 0:02:29]} 3. Nf3 {[%emt 0:00:16]} Nc6 {[%emt 0:00:15]} 4. e3 {[%emt 0:00:25]} Be7 {[%emt 0:01:06]} 5. Qb3 {[%emt 0:01:18]} O-O {[%emt 0:02:31]} 6. Be2 {[%emt 0:00:20]} b6 {[%emt 0:07:06]} 7. O-O {[%emt 0:00:39]} Bb7 {[%emt 0:02:04]} 8. d3 {[%emt 0:04:29]} Re8 {[%emt 0:01:50]} 9. Bd2 {[%emt 0:06:16]} Bf8 {[%emt 0:03:44]} 10. Nd5 {[%emt 0:04:22]} d6 {[%emt 0:01:47]} 11. Rac1 {[%emt 0:04:21]} e4 {[%emt 0:07:10]} 12. dxe4 {[%emt 0:10:23]} Nxe4 {[%emt 0:00:56]} 13. Rfd1 {[%emt 0:03:37]} Nxd2 {[%emt 0:09:03]} 14. Rxd2 {[%emt 0:00:43]} Ne5 {[%emt 0:00:14]} 15. Qd1 {[%emt 0:09:27]} Nd7 {[%emt 0:03:31]} 16. Nd4 {[%emt 0:02:38]} a6 {[%emt 0:01:51]} 17. Bf3 {[%emt 0:02:24]} Qb8 {[%emt 0:00:25]} 18. Nf4 {[%emt 0:05:13]} Ne5 {[%emt 0:01:23]} 19. Bd5 {[%emt 0:02:07]} c6 {[%emt 0:07:05]} 20. Be4 {[%emt 0:01:06]} g6 {[%emt 0:02:39]} 21. b4 {[%emt 0:04:40]} Rd8 {[%emt 0:20:13]} 22. Qb3 {[%emt 0:12:46]} Ra7 {[%emt 0:10:15]} 23. a4 {[%emt 0:08:28]} Ba8 {[%emt 0:02:58]} 24. Qb1 {[%emt 0:05:20]} d5 {[%emt 0:06:03]} 25. cxd5 {[%emt 0:00:10]} cxd5 {[%emt 0:00:04]} 26. Bd3 {[%emt 0:00:47]} Nc4 {[%emt 0:02:48]} 27. Bxc4 {[%emt 0:01:38]} dxc4 {[%emt 0:00:04]} 28. Rxc4 {[%emt 0:00:42]} Rc7 {[%emt 0:01:49]} 29. Rxc7 {[%emt 0:02:45]} Qxc7 {[%emt 0:00:02]} 30. b5 {[%emt 0:02:14]} axb5 {[%emt 0:01:44]} 31. Nxb5 {[%emt 0:02:13]} Qc8 {[%emt 0:01:08]} 32. Rxd8 {[%emt 0:03:41]} Qxd8 {[%emt 0:00:01]} 33. Qd3 {[%emt 0:00:34]} Qc8 {[%emt 0:00:36]} 34. Nc3 {[%emt 0:01:21]} Bg7 {[%emt 0:03:11]} 35. Nfd5 {[%emt 0:02:13]} Bxd5 {[%emt 0:05:21]} 36. Nxd5 {[%emt 0:00:08]} Qc1+ {[%emt 0:00:40]} 37. Qf1 {[%emt 0:00:03]} Qc5 {[%emt 0:01:15]} 38. Qd1 {[%emt 0:03:02]} h5 {[%emt 0:00:02]} 39. g3 {[%emt 0:02:15]} b5 {[%emt 0:00:47]} 40. axb5 {[%emt 0:01:20]} Qxb5 {[%emt 0:00:09]} 41. Qf3 {[%emt 0:51:15]} Qd7 {[%emt 0:03:37]} 42. e4 {[%emt 0:00:00]} Bd4 {[%emt 0:02:24]} 43. Kg2 {[%emt 0:00:00]} Kg7 {[%emt 0:00:24]} 44. h3 {[%emt 0:00:00]} Qd6 {[%emt 0:01:39]} 45. Nf4 {[%emt 0:00:00]} Be5 {[%emt 0:02:36]} 46. Nd3 {[%emt 0:00:00]} Bd4 {[%emt 0:00:06]} 47. Qe2 {[%emt 0:00:00]} Qc6 {[%emt 0:01:06]} 48. Ne1 {[%emt 0:00:00]} Qc3 {[%emt 0:03:34]} 49. Nf3 {[%emt 0:00:00]} Qb2 {[%emt 0:01:28]} 50. Qxb2 {[%emt 0:00:00]} Bxb2 {[%emt 0:00:03]} 51. Ne1 {[%emt 0:00:00]} Kf6 {[%emt 0:05:22]} 52. Nd3 {[%emt 0:00:00]} Bd4 {[%emt 0:00:05]} 53. f4 {[%emt 0:00:00]} Ke6 {[%emt 0:00:07]} 54. Kf3 {[%emt 0:00:00]} Bb6 {[%emt 0:04:33]} 55. Nb4 {[%emt 0:00:00]} Bc5 {[%emt 0:01:17]} 56. Nc2 {[%emt 0:00:00]} Bb6 {[%emt 0:01:05]} 57. Ne3 {[%emt 0:00:00]} Bc5 {[%emt 0:00:15]} 58. Ke2 {[%emt 0:00:00]} Bb6 {[%emt 0:01:55]} 59. f5+ {[%emt 0:00:00]} gxf5 {[%emt 0:03:05]} 60. exf5+ {[%emt 0:00:00]} Kd7 {[%emt 0:00:01]} 61. Nd5 {[%emt 0:00:00]} Bd8 {[%emt 0:00:08]} 62. Kf3 {[%emt 0:00:00]} Kd6 {[%emt 0:00:59]} 63. Ke4 {[%emt 0:00:00]} h4 {[%emt 0:01:22]} 64. g4 {[%emt 0:00:00]} Ba5 {[%emt 0:01:48]} 65. Ne3 {[%emt 0:00:00]} Be1 {[%emt 0:01:32]} 66. Nc4+ {[%emt 0:00:00]} Ke7 {[%emt 0:00:12]} 67. g5 {[%emt 0:00:00]} 1-0

[Event "BL 2018-19"]
[Site "Berlin"]
[Date "2019.04.07"]
[Round "15.8"]
[White "Schmidek, Emil"]
[Black "Sebastian, Dirk"]
[Result "0-1"]
[WhiteElo "2387"]
[BlackElo "2442"]
[Annotator "NA"]
[PlyCount "72"]
[EventDate "2018.11.10"]
[EventType "team-tourn"]
[EventCountry "GER"]
[SourceTitle "playchess.com"]
[Source "ChessBase"]
[SourceQuality "1"]
[WhiteTeam "SF Berlin"]
[BlackTeam "Hamburg SK"]
[TimeControl "40/6000+30:3000+30"]

1. e4 e5 2. Nf3 Nc6 3. Bb5 a6 4. Ba4 d6 5. c3 Bd7 6. O-O g6 7. d4 Bg7 8. d5 Nce7 9. Bxd7+ Qxd7 10. c4 h6 11. Nc3 f5 12. Nd2 {C76: Ruy Lopez: Deferred Steinitz: 5 c3 Bd7 6 d4 g6} (12. exf5 gxf5 13. Ne1 Nf6 14. f4 e4 15. Nc2 c5 16. dxc6 bxc6 17. Be3 O-O 18. Qd2 c5 19. h3 Qe6 {1-0 (51) Zhao,J (2604)-Sargissian,G (2672) Riadh 2017}) 12... Nf6 13. b4 {LiveBook: 11 Games} O-O 14. f3 c6 15. Nb3 (15. Qb3 $11) 15... b5 $146 ({Predecessor:} 15... cxd5 16. cxd5 Rac8 17. Qd3 Qc7 18. Bb2 fxe4 19. fxe4 Qb6+ 20. Kh1 Ng4 21. Nd1 Qxb4 22. Rxf8+ Rxf8 23. h3 Qxe4 {0-1 (23) Everett,E (2190)-Hess,M (2271) Austria 2017}) 16. c5 Rfd8 17. Be3 fxe4 18. fxe4 cxd5 19. exd5 Nf5 $11 20. Bf2 Qf7 21. c6 e4 22. Bb6 Rdb8 23. Bd4 Re8 24. Rc1 h5 25. Bxf6 Qxf6 26. Qe2 Bh6 27. Nxe4 Qh4 28. Rce1 Be3+ 29. Nf2 Bf4 30. Qxe8+ Rxe8 31. Rxe8+ Kf7 32. Nh3 Bxh2+ 33. Kxh2 Qg3+ 34. Kh1 Kxe8 35. Nf4 Ne3 36. Rc1 Ng4 0-1